000 00627nam a2200241Ia 4500
003 OSt
005 20220924153551.0
006 a|||||r|||| 00| 0
007 ta
008 220923b |||||||| |||| 00| 0 tam d
024 _a350749
037 _cTextual
040 _aARTS
_cARTS
_btam
041 _2tam
_atam
082 _aO31:g(Y5927), P3
100 _aGowthaman Raj Au.
_9229216
245 0 _aThalithiya vimarsana katturaikal
260 _c2003
300 _a199p.
_ccm.
650 _aTAMIL LITERATURE
942 _hO31:g(Y5927), P3
_cTEXL
_2CC
999 _c474057
_d474057